| 000 | 01043nam0a2200325 i 4500 | ||
|---|---|---|---|
| 001 | RU\NLR\BIBL_A\010363039 | ||
| 005 | 20260406063719.0 | ||
| 010 |
_a9785699708871 _910000 |
||
| 021 |
_aRU _b2014-24679 _91530 |
||
| 035 | _a(NILC)RuMoRGB-006772783 | ||
| 035 | _a(NLR Aleph) 010363039 | ||
| 090 |
_a9584581 _c9584581 |
||
| 100 | _a20140530d2014 m y0rusy50 ca | ||
| 101 | 0 | _arus | |
| 102 | _aRU | ||
| 105 | _ay|||z|||000ay | ||
| 200 | 1 |
_aКрасивая, богатая, мертвая… _e[роман] _fАнна Данилова |
|
| 210 |
_aМосква _cЭксмо _d2014 |
||
| 215 |
_a315 с. _d16 |
||
| 225 | 1 | _aCrime & private | |
| 320 | _aДр. кн. авт. на 2-й с. | ||
| 333 | _a16+ | ||
| 686 | 2 | _aШ6(2=Р)8-446 | |
| 700 | 1 |
_7ca _8rus _aДанилова _bА. В. _cписатель _f1961- _gАнна Васильевна _96307 _3RU\NLR\AUTH\7723253 |
|
| 801 | 0 |
_aRU _bRuMoRKP _c20120604 _gRCR |
|
| 801 | 2 |
_aRU _bРГБ _c20140409 _grcr |
|
| 942 | _cBOOK | ||
| 980 | _aNBR | ||